Oeuvres completes
Salvato in:
| Autore principale: | |
|---|---|
| Natura: | Libro |
| Lingua: | francese |
| Pubblicazione: |
París
s.n
1956
|
| Serie: | Bibliotheque de la Pleiade
|
| Soggetti: | |
| Tags: |
Aggiungi Tag
Nessun Tag, puoi essere il primo ad aggiungerne!!
|
MARC
| LEADER | 00000nam a2200000 a 4500 | ||
|---|---|---|---|
| 001 | UCY2127 | ||
| 003 | CL-VaPUC | ||
| 008 | 941010e19560000FR |||||||||||||||||fre|d | ||
| 082 | 0 | 4 | |a 842 |b MOL |2 21 |
| 100 | |a Molière, Jean-Baptiste |e autor |9 339603 | ||
| 245 | 1 | 0 | |a Oeuvres completes |
| 300 | |a v | ||
| 942 | |c BK | ||
| 945 | |d 19941010 00:00:00 |a oaravena | ||
| 260 | |a París |b s.n |c 1956 | ||
| 650 | 7 | |a DRAMAS FRANCESES |2 CL-VaPUC |9 267189 | |
| 583 | |a last modification |c 20120821 09:02:45 |k Rodrigo Vera | ||
| 490 | 0 | |a Bibliotheque de la Pleiade | |
| 999 | |c 230623 |d 230621 | ||
| 952 | |0 0 |1 0 |2 ddc |4 0 |6 842_000000000000000_MOL_1956 |7 0 |8 A |9 233025 |a BIBART |b BIBART |d 2019-11-15 |h v.2 |i 3024946 |o 842 MOL 1956 |p 3024946 |r 2025-03-13 |w 2019-11-15 |y BK |k ART | ||